000 00574nam a2200253Ia 4500
003 OSt
005 20221007103413.0
006 a|||||r|||| 00| 0
007 ta
008 221006b |||||||| |||| 00| 0 hin d
024 _a13,074
037 _cTextual
040 _aLCO
_cLCO
_bhin
041 _2hin
_ahin
082 _aZ1, N8
100 _aKapoor S.K.
245 0 _aAntarrashtriye Vidhi
250 _a19th
260 _c1998
300 _a718
650 _aInternational Law
942 _hZ1, N8
_cTEXL
999 _c1182637
_d1182637